চিরায়ত জ্যামিতি / (Record no. 5543)
[ view plain ]
| 000 -LEADER | |
|---|---|
| fixed length control field | 00649nam a2200205 a 4500 |
| 003 - CONTROL NUMBER IDENTIFIER | |
| JCCL marc code | BD-JhCC |
| 005 - DATE AND TIME OF LATEST TRANSACTION | |
| control field | 20171217195040.0 |
| 008 - FIXED-LENGTH DATA ELEMENTS--GENERAL INFORMATION | |
| fixed length control field | 171217s1996 bg |||| ||a| 00| 0 ben d |
| 035 ## - SYSTEM CONTROL NUMBER | |
| system control number | (BD-JhCC) |
| 040 ## - CATALOGING SOURCE | |
| Original cataloging agency | BD-JhCC |
| Modifying agency | BD-JhCC |
| 041 ## - LANGUAGE CODE | |
| Language code of Book | ben |
| 082 ## - DEWEY DECIMAL CLASSIFICATION NUMBER | |
| Classification number | 516 |
| Author mark and Year | HOS 1996 |
| 100 ## - MAIN ENTRY--PERSONAL NAME | |
| Personal name | হোসেন, অধ্যাপক আবুল |
| 245 ## - TITLE STATEMENT | |
| Title | চিরায়ত জ্যামিতি / |
| Statement of responsibility, etc | অধ্যাপক আবুল হোসেন |
| 260 ## - PUBLICATION, DISTRIBUTION, ETC. (IMPRINT) | |
| Place of publication, distribution, etc | ঢাকা : |
| Name of publisher, distributor, etc | চিরায়ত প্রকাশনা, |
| Date of publication, distribution, etc | ১৯৯৬ . |
| 300 ## - PHYSICAL DESCRIPTION | |
| Pagination | 358 p. : |
| Dimensions | 18 cm. |
| 650 ## - SUBJECT ADDED ENTRY--TOPICAL TERM | |
| Topical term or geographic name as entry element | Geometry |
| 942 ## - ADDED ENTRY ELEMENTS (KOHA) | |
| Source of classification or shelving scheme | Dewey Decimal Classification |
| Koha item type | Books |
No items available.